Gaming Quiz

Random Gaming Quiz
Score 0/10 Timer 10:00
1 Play Today
Hint Answer % Correct
His son's name ?Jack
89.7%
Who ran the gang John joined ?Dutch Van der Linde
84.7%
Name of the prostitute John would eventually marry ?Abigail
79.9%
The year of John's wifes death ?1914
74.2%
His year of birth ?1873
68%
At what age did John run away from the orphanage ?17
67.4%
Where does John's father originate from ?Scotland
58.2%
How did his mother die ?Childbirth
46.8%
The name of the man that takes John to Fort Mercer ?Jake
31.5%
How old was John when he went to the orphanage ?8
18.5%
Remove Ads.
Support Sporcle.
Get the best of Sporcle when you Go Orange. This ad-free experience offers more features, more stats, and more fun while also helping to support Sporcle. Thank you for becoming a member.

You're not logged in!

Compare scores with friends on all Sporcle quizzes.
OR
Log In

Show Comments

Extras

Top Quizzes Today


Score Distribution

Your Account Isn't Verified!

In order to create a playlist on Sporcle, you need to verify the email address you used during registration. Go to your Sporcle Settings to finish the process.

Report this User

Report this user for behavior that violates our Community Guidelines.

Details: